[Event "Arco op"]
[Site "Arco"]
[Date "2011.12.30"]
[Round "7"]
[White "Zappi, Adriano"]
[Black "Medves, Adriano"]
[Result "0-1"]
[WhiteElo "1717"]
[BlackElo "1858"]
[PlyCount "88"]
[EventDate "2011.12.26"]
[EventType "swiss"]
[EventRounds "7"]
[EventCountry "ITA"]
[SourceTitle "EXT 2023"]
[Source "ChessBase"]
[SourceDate "2022.10.05"]
[SourceVersion "1"]
[SourceVersionDate "2022.10.05"]
[SourceQuality "1"]

1. Nf3 g6 2. d4 Bg7 3. Bf4 d6 4. e3 Nd7 5. Be2 b6 6. Nbd2 Bb7 7. Rb1 h6 8. 0-0 Ngf6 9. h3 c5 10. dxc5 Nxc5 11. c3 0-0 12. Nb3 Rc8 13. Nxc5 Rxc5 14. Re1 Ne8 15. Nd2 d5 16. Nb3 Rc8 17. Bf3 f5 18. Bg3 e6 19. Re2 Qe7 20. Rd2 a6 21. Nd4 Kh7 22. Rc1 e5 23. Nc2 Nf6 24. Ne1 Ne4 25. Bxe4 fxe4 26. f4 Rf7 27. Rf2 d4 28. cxd4 Rxc1 29. Qxc1 exd4 30. Nc2 d3 31. Na3 b5 32. Nb1 Qd6 33. a3 b4 34. Kh2 Rf5 35. Rd2 a5 36. Qd1 Qb6 37. Bf2 Rc5 38. axb4 axb4 39. Qg4 Bc8 40. Qd1 Qc6 41. Qb3 Rc1 42. Rd1 Rxd1 43. Qxd1 Qc2 44. Qe1 Qxb2 0-1

[Event "Arco op"]
[Site "Arco"]
[Date "2011.12.27"]
[Round "3"]
[White "Medves, Adriano"]
[Black "Lantschner, Carmen"]
[Result "1-0"]
[WhiteElo "1858"]
[BlackElo "1493"]
[PlyCount "61"]
[EventDate "2011.12.26"]
[EventType "swiss"]
[EventRounds "7"]
[EventCountry "ITA"]
[SourceTitle "EXT 2023"]
[Source "ChessBase"]
[SourceDate "2022.10.05"]
[SourceVersion "1"]
[SourceVersionDate "2022.10.05"]
[SourceQuality "1"]

1. b4 d6 2. Bb2 Nf6 3. e3 g6 4. Nf3 Bg7 5. Be2 e5 6. c4 Be6 7. Nc3 a5 8. b5 c6 9. a4 cxb5 10. Nxb5 Nc6 11. Ba3 Ne4 12. Rb1 Nc5 13. d4 exd4 14. exd4 Ne4 15. d5 Nc3 16. Nxc3 Bxc3+ 17. Kf1 Nb4 18. dxe6 fxe6 19. Bb2 Bxb2 20. Rxb2 Rf8 21. Rd2 Ke7 22. Ng5 h6 23. Ne4 d5 24. cxd5 Nxd5 25. Kg1 Rc8 26. Qa1 Qc7 27. h3 Qf4 28. Qa3+ Nb4 29. Qe3 Qe5 30. Ng3 Rc1+ 31. Kh2 1-0

[Event "Condino op 11th"]
[Site "Condino"]
[Date "2011.07.29"]
[Round "7"]
[White "Medves, Adriano"]
[Black "Garonzi, Martino"]
[Result "0-1"]
[WhiteElo "1593"]
[BlackElo "2002"]
[PlyCount "108"]
[EventDate "2011.07.25"]
[EventType "swiss"]
[EventRounds "7"]
[EventCountry "ITA"]
[SourceTitle "EXT 2012"]
[Source "ChessBase"]
[SourceDate "2011.11.24"]
[SourceVersion "1"]
[SourceVersionDate "2011.11.24"]
[SourceQuality "1"]

1. b4 Nf6 2. Bb2 g6 3. Nf3 Bg7 4. e3 0-0 5. Be2 d6 6. c4 e5 7. 0-0 Re8 8. d3 h6 9. Nc3 c6 10. Nd2 d5 11. Qc2 d4 12. Nd1 Be6 13. e4 Na6 14. a3 c5 15. b5 Nc7 16. Nb3 b6 17. Bc1 Nd7 18. Bf3 h5 19. Qe2 Bf6 20. g3 Bg5 21. Nd2 Bh3 22. Bg2 Bxg2 23. Kxg2 Ne6 24. Nf3 Bxc1 25. Rxc1 Kg7 26. Nb2 h4 27. Nxh4 Qxh4 28. gxh4 Nf4+ 29. Kf3 Nxe2 30. Kxe2 Rh8 31. Kf3 Rxh4 32. Rh1 Rah8 33. Kg3 Rh3+ 34. Kg2 Nf6 35. a4 Ng4 36. a5 Nxf2 37. Kxf2 Rxh2+ 38. Rxh2 Rxh2+ 39. Kg3 Rxb2 40. axb6 axb6 41. Ra1 Rb3 42. Ra6 Rxd3+ 43. Kf2 Rc3 44. Rxb6 Rxc4 45. Rc6 Rc2+ 46. Ke1 c4 47. b6 c3 48. b7 Rb2 49. Rc7 g5 50. Rc5 f6 51. Rc7+ Kg6 52. Rd7 g4 53. Rc7 g3 54. Kf1 Kg5 0-1

[Event "Condino op 11th"]
[Site "Condino"]
[Date "2011.07.26"]
[Round "3"]
[White "Medves, Adriano"]
[Black "Tricerri, Pierino"]
[Result "1-0"]
[WhiteElo "1593"]
[BlackElo "1508"]
[PlyCount "67"]
[EventDate "2011.07.25"]
[EventType "swiss"]
[EventRounds "7"]
[EventCountry "ITA"]
[SourceTitle "EXT 2012"]
[Source "ChessBase"]
[SourceDate "2011.11.24"]
[SourceVersion "1"]
[SourceVersionDate "2011.11.24"]
[SourceQuality "1"]

1. b4 Nf6 2. Bb2 d6 3. Nf3 e5 4. e3 Be7 5. Be2 0-0 6. c4 Bg4 7. Nc3 Nbd7 8. 0-0 e4 9. Nd4 Bxe2 10. Qxe2 Ne5 11. Rab1 b6 12. Ba1 c5 13. bxc5 dxc5 14. Nf5 Qd7 15. Nxe7+ Qxe7 16. f3 exf3 17. gxf3 Rad8 18. d4 cxd4 19. exd4 Nc6 20. Qxe7 Nxe7 21. Nb5 Rd7 22. Rfe1 Nf5 23. d5 Nh4 24. Kf2 Nh5 25. Re5 Nf4 26. Re4 Nhg6 27. Nd4 Nd3+ 28. Kg2 Rc8 29. Nf5 f6 30. Rd1 Nge5 31. f4 Nc5 32. Re2 Kf7 33. fxe5 Re8 34. e6+ 1-0

[Event "Condino op 11th"]
[Site "Condino"]
[Date "2011.07.25"]
[Round "1"]
[White "Medves, Adriano"]
[Black "De Vita, Gianni"]
[Result "0-1"]
[WhiteElo "1593"]
[BlackElo "2090"]
[PlyCount "86"]
[EventDate "2011.07.25"]
[EventType "swiss"]
[EventRounds "7"]
[EventCountry "ITA"]
[SourceTitle "EXT 2012"]
[Source "ChessBase"]
[SourceDate "2011.11.24"]
[SourceVersion "1"]
[SourceVersionDate "2011.11.24"]
[SourceQuality "1"]

1. b4 e5 2. Bb2 Bxb4 3. Bxe5 Nf6 4. c4 0-0 5. Nf3 Re8 6. e3 Nc6 7. Bb2 d5 8. cxd5 Nxd5 9. Be2 Bg4 10. 0-0 Qd7 11. a3 Ba5 12. d4 Rad8 13. Qc2 Bf5 14. Bd3 Bxd3 15. Qxd3 Qg4 16. Nbd2 Bxd2 17. Nxd2 Ne5 18. Qb3 Ng6 19. Nf3 Re6 20. h3 Qh5 21. Rac1 Rb6 22. Qc2 c6 23. Rb1 Rd6 24. Ba1 Rf6 25. Qe4 Re6 26. Qc2 Nf6 27. Rxb6 axb6 28. Rb1 Nd7 29. Kh2 Qd5 30. Kg1 h6 31. a4 f5 32. Qb2 f4 33. e4 Rxe4 34. Ne5 Nh4 35. f3 Re3 36. Nxd7 Qxd7 37. d5 cxd5 38. Qf2 Qe7 39. Rd1 Re2 40. Qf1 Rxg2+ 41. Qxg2 Nxg2 42. Rxd5 Ne3 43. Bd4 Nxd5 0-1